HOMOEOPATIY THE COMPLETE HANDBOOK (Record no. 35062)

MARC details
000 -LEADER
fixed length control field 00384nam a22001697a 4500
003 - CONTROL NUMBER IDENTIFIER
control field SGT
082 ## - DEWEY DECIMAL CLASSIFICATION NUMBER
Classification number 615
Item number H96D
100 ## - MAIN ENTRY--PERSONAL NAME
Personal name DHAMA, KPS.
245 ## - TITLE STATEMENT
Title HOMOEOPATIY THE COMPLETE HANDBOOK
250 ## - EDITION STATEMENT
Edition statement 6TH
260 ## - PUBLICATION, DISTRIBUTION, ETC. (IMPRINT)
Place of publication, distribution, etc NEW DELHI
Name of publisher, distributor, etc DSPRUD
Year of Publication 1996
300 ## - PAGE DESCRIPTION
No. of Pages 323
650 ## - SUBJECT ADDED ENTRY--TOPICAL TERM
Topical term or geographic name as entry element `PHARMACY
653 ## - KEYWORDS--INDEX TERM
Keyword term HOMOEOPATIY , COMPLETE, HANDBOOK
942 ## - ADDED ENTRY ELEMENTS (KOHA)
Source of classification or shelving scheme Dewey Decimal Classification
Koha item type Books
Holdings
Withdrawn status Lost status Source of classification or shelving scheme Damaged status Use restrictions Not for loan Collection code Home library Current library Shelving location Date acquired Vendor Name Cost, normal purchase price SGTU Total Checkouts Full call number Accession No. (Barcode) Date last seen Bill Date Koha item type
    Dewey Decimal Classification   Restricted Access   PHARMACY SGT FA-FP Library SGT FA-FP Library On Display 04/07/2026 SGT UNIVERSITY Dr. ATUL NASA 150.00 SGTU   615 H96D FP5704G 04/07/2026 04/07/2026 Books